[Artesanía] / (Record no. 142744)

MARC details
000 -LEADER
campo de control de longitud fija 00732nam a2200217 i 4500
001 - NÚMERO DE CONTROL
campo de control 142744
003 - IDENTIFICADOR DE NÚMERO DE CONTROL
campo de control ES-MaACL
005 - FECHA Y HORA DE LA ÚLTIMA TRANSACCIÓN
campo de control 20251003195030.0
007 - CAMPO FIJO DE DESCRIPCIÓN FÍSICA--INFORMACIÓN GENERAL
campo de control de longitud fija t|
008 - DATOS DE LONGITUD FIJA--INFORMACIÓN GENERAL
campo de control de longitud fija 071009s1968 sp af |||| | mul d
245 01 - MENCIÓN DEL TÍTULO
Título [Artesanía] /
Mención de responsabilidad, etc. texto, Francesc Vicens ; fotos, Joaquin Gomis ; selección y secuencia, J. Prats Vallés.
260 ## - PUBLICACIÓN, DISTRIBUCIÓN, ETC.
Lugar de publicación, distribución, etc. Barcelona :
Nombre del editor, distribuidor, etc. Polígrafa,
Fecha de publicación, distribución, etc. [1968]
300 ## - DESCRIPCIÓN FÍSICA
Extensión 55 p., 4 h. pleg., lám. ;
Dimensiones 21 cm.
546 ## - NOTA DE IDIOMA
Nota de lengua/lenguaje Texto en español, francés, inglés y alemán.
650 14 - PUNTO DE ACCESO ADICIONAL DE MATERIA--TÉRMINO DE MATERIA
Término de materia o nombre geográfico como elemento de entrada Artesanía-
Subdivisión geográfica España.
9 (RLIN) 10346
700 1# - ENTRADA AGREGADA--NOMBRE PERSONAL
Nombre de persona Vicens, Francesc.
9 (RLIN) 114313
700 1# - ENTRADA AGREGADA--NOMBRE PERSONAL
Nombre de persona Gomis, Joaquim,
Fechas asociadas al nombre 1902-1991
9 (RLIN) 151272
700 1# - ENTRADA AGREGADA--NOMBRE PERSONAL
Nombre de persona Prats Vallès, Joan.
9 (RLIN) 93709
852 ## - LOCALIZACIÓN
Ubicación ES-MaACL
Número de control de estantería C-35030
Holdings
Estatus retirado Estado de pérdida Estado de daño No para préstamo Biblioteca de origen Biblioteca actual Ubicación en estantería Fecha de adquisición Fuente de adquisición Total de préstamos Signatura topográfica completa Código de barras Visto por última vez Precio de reemplazo Tipo de ítem Koha
        Biblioteca del Ateneo de Madrid Biblioteca del Ateneo de Madrid Depósito 2 17/01/2008     C-35030 1148523 23/02/2023 23/02/2023 Libro impreso